Dílčí náměty ke zlepšení právní úpravy posuzování způsobilosti k práci
Zameranie sa na lekárske posudky pracovnej spôsobilosti zamestnanca. Veľké problémy posudkovej starostlivosti v praxi. Poukázanie na medzery či už z hľadiska povahy lekárskeho posudku alebo akceptácie nedostatku pracovných kapacít poskytovateľov pracovnolekárskych služieb.
Enregistré dans:
| Auteur principal: | |
|---|---|
| Autres auteurs: | |
| Format: | Chapitre de livre |
| Langue: | tchèque |
| Sujets: | |
| Tags: |
Pas de tags, Soyez le premier à ajouter un tag!
|
MARC
| LEADER | 00000naa a2200000 4500 | ||
|---|---|---|---|
| 001 | 0279325 | ||
| 005 | 20211029091746.7 | ||
| 041 | 0 | |a cze | |
| 044 | |a SK | ||
| 245 | 1 | 0 | |a Dílčí náměty ke zlepšení právní úpravy posuzování způsobilosti k práci |c Lenka Scheu, Martin Štefko |
| 520 | |a Zameranie sa na lekárske posudky pracovnej spôsobilosti zamestnanca. Veľké problémy posudkovej starostlivosti v praxi. Poukázanie na medzery či už z hľadiska povahy lekárskeho posudku alebo akceptácie nedostatku pracovných kapacít poskytovateľov pracovnolekárskych služieb. | ||
| 610 | 2 | 0 | |a spôsobilosť k práci |
| 610 | 2 | 0 | |a posudky lekárske |
| 610 | 2 | 0 | |a právo pracovné |
| 610 | 2 | 0 | |a zamestnanci |
| 610 | 2 | 0 | |a zamestnávatelia |
| 100 | 1 | |a Scheu, Lenka | |
| 700 | 1 | |a Štefko, Martin | |